| 000 | 00652nam a22001817a 4500 | ||
|---|---|---|---|
| 005 | 20251108164813.0 | ||
| 008 | 250721s1989 xx 000 0 ara d | ||
| 082 | 1 | 4 | _a370.9565/تل |
| 100 | 1 | _aالتل، أحمد يوسف | |
| 245 | 1 | 0 | _aالظروف السياسية و الإقتصادية و الإجتماعية التي أثرت في تطور التربية و التعليم في الأردن 1921- 1989 / |
| 264 | 1 |
_aعمان : _bوزارة الثقافة والشباب، _c1989. |
|
| 300 | _a450ص. | ||
| 650 | 1 | 7 | _aالتربية |
| 650 | 1 | 7 | _aالأردن |
| 650 | 1 | 7 | _aتاريخ التربية |
| 942 |
_2ddc _cBK |
||
| 999 |
_c14759 _d14759 |
||